Geografia - quiz wielokrotnego wyboru #4 - Statystyki

Ogólne statystyki
  • Ten quiz został rozwiązany 2 916 razy
  • Średni wynik to 10 z 15
Statystyki odpowiedzi
Zagadnienie Odpowiedź % Poprawnych
Gdzie znajdziesz Karpaty? W Europie
97%
Flaga jakiego państwa ma czerwone tło z białym krzyżem? Szwajcaria
91%
Czy Chiny mają granicę lądową z Koreą Południową? Nie
87%
Które miasto słynie z Grand Prix Formuły 1, podczas którego kierowcy ścigają się ulicami miasta? Monako
85%
Prawda czy fałsz: Latem na biegunie północnym słońce przez kilka miesięcy nie zachodzi Prawda
82%
Które z tych państw nie leży nad Morzem Czarnym? Grecja
77%
Które z tych pańśtw leży na południku zerowym? Algieria
75%
Która z tych wysp leży na Pacyfiku? Wyspa Wielkanocna
65%
Lascaux to miejsce światowego dziedzictwa kulturowego w południowo-zachodniej Francji. Z czego jest znane? Malowideł jaskiniowych
63%
Które z tych państw nie dotyka Pierścienia Ognia? Pakistan
60%
Jak nazywa się półpustynny region na południowej granicy Sahary? Sahel
57%
Który stan Australii jest najbardziej na północ? Queensland
55%
Który z tych zbiorników wodnych ma największą powierzchnię? Zatoka Hudsona
36%
Co znane jest jako „Miasto Wiecznej Wiosny” ze względu na łagodny, wilgotny klimat? Medellín
34%
Gdzie są Słupy Herkulesa? Po obu stronach Cieśniny Gibraltarskiej
33%
Nie znaleziono quizów pasujących do podanych kryteriów
Rozkład punktacji
Procent ludzi z każdym wynikiem
Percentyl według liczby udzielonych odpowiedzi
Twoja historia wyników
Nie rozwiązałeś tego quizu